Τυπογραφία, συγγραφείς και αναγνώστες στην Ιταλία της Αναγέννησης
Αποθηκεύτηκε σε:
| Κύριος συγγραφέας: | |
|---|---|
| Άλλοι συγγραφείς: | |
| Μορφή: | Βιβλίο |
| Γλώσσα: | Greek English |
| Δημοσίευση: |
Αθήνα :
ΜΙΕΤ,
2014.
|
| Θέματα: | |
| Ετικέτες: |
Προσθήκη ετικέτας
Δεν υπάρχουν, Καταχωρήστε ετικέτα πρώτοι!
|
MARC
| LEADER | 00000cam a2200000 a 4500 | ||
|---|---|---|---|
| 001 | 1/110548 | ||
| 008 | 160412s2014####gr | ||| |||| ||gre|| | ||
| 020 | |a 9789602505946 |q (χαρτόδετο) | ||
| 040 | |a GR-MyUa |b gre |c GR-MyUa |e AACR2 | ||
| 041 | 1 | |a gre |h eng | |
| 082 | 7 | |a 306.4880945 |2 (23) | |
| 100 | 1 | |a Richardson, Brian |q (Brian F.) | |
| 245 | 1 | 0 | |a Τυπογραφία, συγγραφείς και αναγνώστες στην Ιταλία της Αναγέννησης / |c Brian Richardson ; μετάφραση Ειρήνη Παπαδάκη. |
| 260 | |a Αθήνα : |b ΜΙΕΤ, |c 2014. | ||
| 300 | |a 507 σ. ; |c 21 εκ. | ||
| 500 | |a Τίτλος πρωτοτύπου: |5 Printing, writers and readers in Renaissance Italy. | ||
| 504 | |a Βιβλιογραφία: σ. 411-451. Ευρετήριο. | ||
| 650 | 0 | |a Book industries and trade |z Italy |x History. | |
| 650 | 0 | |a Printing |z Italy |x History. | |
| 650 | 0 | |a Authors and publishers |z Italy |x History. | |
| 650 | 0 | |a Books and reading |z Italy |x History. | |
| 700 | 1 | |a Παπαδάκη, Ειρήνη Γεωρ. |e trlf | |
| 852 | |a INST |b SYROS |c EUDOXUS |e 20160412 |h 306.4880945 RIC |p 005500011682 |q 005500011682 |t EDX |y 0 | ||
| 920 | |a Εύδοξος |b Παραγγελία |y Σύρος-ΤΜΣΠΣ |z 2016-04 | ||
| 970 | |a Κοντού |b Παρασκευή |z 12/04/2016 | ||